Countries, US States, Capitals, Elements, 100 Most Common Words: add 5 letters to get another - Statistics

General Stats
  • This quiz has been taken 125 times
  • The average score is 61 of 106
Answer Stats
ANSWER % Correct
Bu{e}{n}{o}s{ }Ai{r}{e}s
95%
Buen{o}{s}{ }{A}ir{e}{s}
95%
{B}ue{n}os{ }A{i}r{e}{s}
95%
{B}u{e}{n}{o}s{ }Air{e}s
95%
B{u}e{n}{o}s{ }Air{e}{s}
95%
India
95%
Neth{e}{r}{l}a{n}{d}s{}
95%
Ne{t}he{r}la{n}{d}{s}{}
95%
Neth{e}r{l}a{n}{d}{s}{}
95%
Sier{r}a{ }L{e}{o}{n}{e}
93%
Indiana
91%
Saint{ }{G}eo{r}{g}{e}{'}{s}
89%
{S}ai{n}{t}{ }Georg{e}{'}{s}
89%
Bato{n}{ }{R}{o}u{g}{e}
88%
{B}a{t}on{ }R{o}{u}g{e}
88%
B{a}{t}on{ }Ro{u}{g}{e}
88%
Ba{t}on{ }{R}{o}{u}g{e}
88%
{B}aton{ }{R}{o}{u}g{e}
88%
Brat{i}{s}{l}a{v}{a}{}
88%
Indiana{p}{o}{l}{i}{s}{}
88%
San{t}o{ }D{o}mi{n}{g}{o}
86%
{T}urk{m}eni{s}{t}a{n}{}
86%
U{z}{b}{e}{k}ist{a}n{}
86%
Braz{z}{a}{v}il{l}{e}{}
80%
{N}orth{ }{K}{o}{r}e{a}
80%
S{o}u{t}{h}{ }{S}{u}dan
80%
{W}e{s}{t}{ }{V}irgin{i}a
80%
R{h}{o}{d}e{ }Isla{n}{d}
79%
{B}ang{l}a{d}{e}{s}h{}
77%
Para{m}{a}{r}i{b}{o}{}
75%
Brazil
73%
Ca{l}i{f}or{n}{i}{a}{}
73%
S{a}int{ }{L}u{c}{i}{a}
71%
{S}o{u}t{h}{ }Ta{r}aw{a}
68%
Cairo
64%
E{l}{ }{S}{a}{l}v{a}dor
64%
{W}a{s}hin{g}{t}o{n}{}
63%
{W}a{s}{h}{i}ngto{n}{}
63%
Sudan
61%
S{w}i{t}{z}erla{n}{d}{}
59%
A{f}{g}{h}an{i}sta{n}{}
55%
Niger
55%
Praia
55%
Sana'a
55%
{S}o{u}th{ }{K}{o}re{a}
55%
Tonga
55%
Astana
54%
Cerium
54%
Ghana
54%
Israel
54%
Rabat
54%
Se{a}bo{r}{g}i{u}{m}{}
54%
{S}{e}ab{o}r{g}{i}um{}
54%
Syria
54%
Boise
52%
Dover
52%
Georgia
52%
Ottawa
52%
Samoa
52%
{D}ar{m}sta{d}{t}iu{m}{}
50%
Other
50%
Tunis
48%
Argon
46%
Gabon
46%
{K}a{z}a{k}{h}s{t}an{}{}
46%
Hanoi
45%
Athens
43%
Helena
41%
Nigeria
41%
Serbia
41%
Their
41%
Austria
39%
Boron
39%
Brunei
39%
Car{s}o{n}{ }{C}i{t}{y}
39%
{C}ars{o}{n}{ }{C}i{t}y
39%
Ukraine
39%
Burma
38%
Maine
38%
Russia
38%
Tehran
36%
C{o}{p}er{n}i{c}{i}um{}
34%
{P}rov{i}de{n}{c}{e}{}
34%
About
32%
Bissau
32%
{P}ro{m}eth{i}{u}{m}{}
32%
{P}r{o}{m}ethi{u}{m}{}
32%
{S}ain{t}{ }{J}oh{n}{'}{s}
32%
Roseau
30%
{B}ri{d}ge{t}{o}{w}n{}
25%
{C}h{a}r{l}e{s}to{n}{}
25%
Estonia
20%
Madison
20%
Sa{c}{r}am{e}{n}{t}o{}
16%
{G}ad{o}{l}ini{u}{m}{}
11%
{L}a{w}{r}en{c}i{u}m{}
9%
No matching quizzes found
Score Distribution
Percent of People with Each Score
Percentile by Number Answered
Your Score History
You have not taken this quiz